书目信息 |
| 题名: |
好新闻后面
|
|
| 作者: | 郑兴东 主编 | |
| 分册: | ||
| 出版信息: | 北京 新华出版社 1998.09 |
|
| 页数: | 268页 | |
| 开本: | 19cm | |
| 丛书名: | ||
| 单 册: | ||
| 中图分类: | G213 | |
| 科图分类: | ||
| 主题词: | 新闻学 , 新闻工作 | |
| 电子资源: | ||
| ISBN: | 7-5011-2048-X | |
| 000 | 00671nam0 2200229 450 | |
| 001 | 0737067631 | |
| 005 | 20071215100023.70 | |
| 010 | @a7-5011-2048-X@dCNY16.80 | |
| 100 | @a20071202d1998 km y0chiy0120 ea | |
| 101 | 0 | @achi |
| 102 | @aCN@b110000 | |
| 200 | 1 | @a好新闻后面@Ahao xin wen hou mian@e编辑耕耘录@f郑兴东主编@Fzheng xing dong zhu bian |
| 210 | @a北京@c新华出版社@d1998.09 | |
| 215 | @a268页@d19cm | |
| 517 | 1 | @a编辑耕耘录@Abian ji geng yun lu |
| 606 | 0 | @a新闻学 |
| 606 | 0 | @a新闻工作 |
| 690 | @aG213@v4 | |
| 701 | 0 | @a郑兴东@Azheng xing dong@4主编 |
| 801 | 0 | @aCN@b大连网信软件有限公司图书馆@c20071215 |
| 905 | @aBZT@dG213@e5 | |
| 906 | @dCNY16.80@n0@r1 | |
| 好新闻后面:编辑耕耘录/郑兴东主编.-北京:新华出版社,1998.09 |
| 268页;19cm |
| ISBN 7-5011-2048-X:CNY16.80 |
| ● |
| 相关链接 |
|
|
|
正题名:好新闻后面
索取号:G213/5
 
预约/预借
| 序号 | 登录号 | 条形码 | 馆藏地/架位号 | 状态 | 备注 |
| 1 | 631690 | 2000631690 | 中心书库北库/ 北库033架A面4列2层9/ [索取号:G213/5] | 在馆 | |
| 2 | 631691 | 2000631691 | 中心书库北库/ 北库033架A面4列2层10/ [索取号:G213/5] | 在馆 | |
| 3 | 631692 | 2000631692 | 中心书库北库/ 北库033架A面4列2层3/ [索取号:G213/5] | 在馆 | |
| 4 | 631693 | 2000631693 | 中心书库北库/ 北库033架A面4列2层4/ [索取号:G213/5] | 在馆 | |
| 5 | 631694 | 2000631694 | 中心书库北库/ 北库033架A面4列2层5/ [索取号:G213/5] | 在馆 | |
| 6 | 631695 | 2000631695 | 中心书库北库/ 北库033架A面4列2层7/ [索取号:G213/5] | 在馆 | |
| 7 | 631696 | 2000631696 | 中心书库北库/ 北库033架A面4列2层8/ [索取号:G213/5] | 在馆 | |
| 8 | 631697 | 2000631697 | 中心书库北库/ 北库033架A面4列2层6/ [索取号:G213/5] | 在馆 | |
| 9 | 631698 | 2000631698 | 中心书库北库/ 北库033架A面4列2层1/ [索取号:G213/5] | 在馆 | |
| 10 | 631699 | 2000631699 | 中心书库北库/ 北库033架A面4列2层2/ [索取号:G213/5] | 在馆 |